Bangladesh income tax : theory and practice /

Dades bibliogràfiques
Autor principal: Shil, Nikhil Chandra
Altres autors: Masud,Mohammad Zakaria, Alam,Mohammad Faridul
Format: Llibre
Idioma:English
Publicat: Dhaka : Shams Publications, 2010
Edició:4th ed.
Matèries:
Classic Catalogue: View this record in Classic Catalogue
LEADER 01237nam a2200241 a 4500
008 101024s2010 bg a 000 0 eng d
020 |a 9843000009755 
040 |a BD-DhAAL  |c BD-DhAAL 
082 0 0 |a 336.2/0095492  |2 22 
100 1 |a Shil, Nikhil Chandra. 
245 1 0 |a Bangladesh income tax :  |b theory and practice /  |c Nikhil Chandra Shil, Mohammad Zakaria Masud and Mohammad Faridul Alam. 
250 |a 4th ed. 
260 |a Dhaka :  |b Shams Publications,  |c 2010 
300 |a 744 p. :  |b ill. ;  |c 24 cm.  
541 1 |e 00021337 
650 0 |a Income tax  |z Bangladesh. 
700 1 |a Masud,Mohammad Zakaria. 
700 1 |a Alam,Mohammad Faridul. 
852 4 |a Ayesha Abed Library  |j General Shelf 
999 |c 9876  |d 9876 
952 |0 0  |1 0  |2 ddc  |4 0  |6 336_200954920000000_SHI_2010  |7 0  |9 12698  |a BRACUL  |b BRACUL  |c GEN  |d 2010-10-24  |l 12  |m 46  |o 336.20095492 SHI  |p 3010021337  |r 2025-05-12  |s 2025-05-08  |t 1  |w 2010-10-24  |y BK 
952 |0 0  |1 0  |2 ddc  |4 0  |6 336_200954920000000_SHI_2010  |7 0  |9 12699  |a BRACUL  |b BRACUL  |c GEN  |d 2010-10-24  |l 8  |m 44  |o 336.20095492 SHI  |p 3010021338  |r 2025-05-12  |s 2025-05-05  |t 2  |w 2010-10-24  |y BK 
952 |0 0  |1 0  |2 ddc  |4 0  |6 336_200954920000000_SHI_2010  |7 0  |9 12700  |a BRACUL  |b BRACUL  |c GEN  |d 2010-10-24  |l 8  |m 71  |o 336.20095492 SHI  |p 3010021339  |r 2025-05-07  |s 2025-04-28  |t 3  |w 2010-10-24  |y BK